Statistiques concernant Pays de l'URSS

Cliquez ici pour prendre le quiz!

Statistiques générales

  • Ce quiz a été pris 270 fois
  • Le résultat moyen est 13 sur 15

Statistiques - réponses

Réponse% Correct
Russie
97%
Ukraine
97%
Géorgie
94%
Biélorussie
93%
Estonie
93%
Lettonie
90%
Kazakhstan
88%
Arménie
85%
Lituanie
85%
Moldavie
85%
Azerbaïdjan
80%
Ouzbékistan
80%
Turkménistan
80%
Kirghizistan
74%
Tadjikistan
74%

Distribution des résultats

Percentile par nombre de réponses

% des personnes avec chaque résultat

Votre développement - résultats

Vous n’avez pas pris ce quiz